000
00295nam a22001097a 4500
008
240628b |||||||| |||| 00| 0 eng d
100
_a
Adwani, Kalyan
_9
16129
245
_a
Shak Andhukalif Ja Sorath aa Riye diya chu
260
_a
Bombay:
_b
Lok Seva Mandal;
_c
1968.
300
_a
63p.
942
_c
BK
999
_c
39790
_d
39790